00822nam a2200205 a 450000100100000000500170001000800410002704000250006808200250009310000430011824500970016126000480025830000210030649000370032750400730036465100510043765100430048870000480053183000370057900003993820240705073647.0130731s1976 cu r 000 0 spa d aDO-SdBNPbspacBNPHU aPR868.2bH831o, 19761 aHostos, Eugenio María de,d1839-190310aObras /cEugenio María de Hostos; compilación y prólogo de Camila Henríquez Ureña. aLa Habana :bCasa de las Américas,c1976. a723 p. ;c25 cm.1 aPensamiento de Nuestra América aIncluye referencias bibliográficas y notas al pie de las páginas 4aPuerto RicoxPolítica Y GobiernoyHASTA 1898 4aCubaxPolítica Y Gobiernoy1895-18981 aHenríquez Ureña, Camilaecomp.epról. 0aPensamiento de Nuestra América